Financial engineering (Registro nro. 8927)
[ vista simple ]
| 000 -CABECERA | |
|---|---|
| Longitud fija campo de control | 00639pam a2200205 a 4500 |
| 001 - NÚMERO DE CONTROL | |
| Número de control | 3907276 |
| 003 - IDENTIFICADOR DELl NÚMERO DE CONTROL | |
| Identificador del número de control | OSt |
| 005 - FECHA Y HORA DE LA ÚLTIMA TRANSACCIÓN | |
| Fecha y hora de la última transacción | 20140410151558.0 |
| 008 - CÓDIGOS DE INFORMACIÓN DE LONGITUD FIJA | |
| Códigos de información de longitud fija | 911004s1992 usa eng |
| 020 ## - NÚMERO INTERNACIONAL NORMALIZADO PARA LIBROS | |
| Número Internacional Normalizado para Libros (ISBN) | 0-13-312588-2 |
| 040 ## - FUENTE DE LA CATALOGACIÓN | |
| Centro catalogador de origen | DLC |
| Centro transcriptor | BMC |
| Centro modificado | DLC |
| 082 ## - NÚMERO DE LA CLASIFICACIÓN DECIMAL DEWEY | |
| Númeroo de clasificación | 658.15 |
| 100 1# - PUNTO DE ACCESO PRINCIPAL-NOMBRE DE PERSONA | |
| Nombre de persona | Marshall, John F. |
| 9 (RLIN) | 16803 |
| 245 10 - MENCIÓN DE TÍTULO | |
| Título | Financial engineering |
| Resto del título | : a complete guide to financial innovation |
| Mención de responsabilidad, etc. | John F. Marshall, Vipul K. Bansal |
| 260 ## - PUBLICACIÓN, DISTRIBUCIÓN, ETC. (PIE DE IMPRENTA) | |
| Lugar de publicación, distribución, etc. | Nueva York [etc.] |
| Nombre del editor, distribuidor, etc. | New York Institute of Finance |
| Fecha de publicación, distribución, etc. | cop. 1992 |
| 300 ## - DESCRIPCIÓN FÍSICA | |
| Extensión | XXIV, 728 p. |
| Otras características físicas | il. |
| Dimensiones | 24 cm |
| 650 24 - PUNTO DE ACCESO ADICIONAL DE MATERIA - TÉRMINO DE MATERIA | |
| Término de materia o nombre geográfico como elemento inicial | Ingeniería financiera |
| 9 (RLIN) | 16802 |
| 700 1# - PUNTO DE ACCESO ADICIONAL - NOMBRE DE PERSONA | |
| Nombre de persona | Bansal, Vipul K. |
| 9 (RLIN) | 16804 |
| 942 ## - ENTRADA DE ELEMENTOS AGREGADOS (KOHA) | |
| Fuente de clasificaión o esquema | Dewey Decimal Classification |
| Koha [por defecto] tipo de item | 1- Monografias |
| Suprimido | Perdido | Fuente de clasificación o esquema | Estropeado | Restricciones de uso | No para préstamo | Código de colección | Localización permanente | Localización actual | Localización en estanter&íacute;as | Fecha adquisición | Fuente de adquisición | Número de inventario | Préstamos totales | Signatura completa | Código de barras | Fecha última consulta | Coste, precio reemplazado | Fecha del precio de reemplazo | Tipo de item de Koha |
|---|---|---|---|---|---|---|---|---|---|---|---|---|---|---|---|---|---|---|---|
| NULL | NULL | Dewey Decimal Classification | NULL | Prestable | NULL | NULL | Biblioteca Miguel de Cervantes - UNICAES | Biblioteca Miguel de Cervantes - UNICAES | Sala Principal | 25/04/2003 | Donación - Alfredo Martínez | 014563 | 658.15 MAR fin | 1014563 | 07/04/2014 | 30.00 | 07/04/2014 | 1- Monografias |